00954nam a22002175i 4500001000700000003000900007005001700016008004100033080001600074100003200090245019300122260008400315300004500399490005500444504003200499650003500531700001900566710005500585830005500640852004100695176997ES-MaACL20230906220229.0110223s1964 sz b |||| | spa d a27-726.3(8)1 aPérez Ramírez, Gustavo.13aEl problema sacerdotal en América Latina b: (Centroamérica, Antillas Mayores, Venezuela, Ecuador, Perú, Bolivia, Paraguay, Uruguay) / cpor Gustavo Pérez Ramírez e Yvan Labelle. aFriburgo : bOficina Internacional de Investigaciones Sociales de FERES,c1964. a148 p. , [6] h. pleg. : bil. ; c22 cm.1 aEstudios socio-religiosos latino-americanos ; v16 aBibliografía: p. 115-116. 4aSacerdotes-zAmérica Latina.1 aLabelle, Yvan.2 aOficina Internacional de Investigaciones Sociales.1 aEstudios socio-religiosos latino-americanos ; v16 aES-MaACLjE-14413 xOlim P-1014-bis